Statistiques concernant Titre dans les paroles - Daft Punk

Cliquez ici pour prendre le quiz!

Statistiques générales

  • Ce quiz a été pris 297 fois
  • Le résultat moyen est 4 sur 10

Statistiques - réponses

Musique% Correct
We're up all night for good fun / We're up all night to {Get} {Lucky}
87%
{One} {More} {Time} we're gonna celebrate / Oh yeah all right don't stop the dancing
78%
Rock / {Robot} {Rock} / Rock / {Robot} {Rock} / Rock / {Robot} {Rock} / Rock / {Robot} {Rock}
52%
{Around} {The} {World}
51%
Touch it bring it pay it watch it turn it leave it stop format it / {Technologic} / {Technologic} / {Technologic} / {Technologic}
47%
It might not be the right time / I might not be the right one / But there's {Something} {About} {Us} I want to say
36%
Let the music in tonight / Just turn on the music / Let the music of your life / {Give} {Life} {Back} {To} {Music}
31%
You take my shirt and just go ahead and wipe up all the / Sweat / Sweat / Sweat / {Lose} {Yourself} {To} {Dance}
27%
Dream / {Beyond} dreams / {Beyond} life / You will find your song / Before sounds to be found
19%
I am {The} {Brainwasher} / I am {The} {Brainwasher}
11%

Distribution des résultats

Percentile par nombre de réponses

% des personnes avec chaque résultat

Votre développement - résultats

Vous n’avez pas pris ce quiz